000 01346nam a2200385 a 4500
001 22283
003 VRT
005 20260325093656.0
008 250414s1992 xo 0 slo
015 _aSNBA1992/06
020 _a8022003433
035 _aSNK000011020
039 9 _a202504141424
_bVLOAD
_c202408021228
_dAUTHORITY
_c202408021227
_dAUTHORITY
_c202406012253
_dAUTHORITY
040 _aSNK
_bslo
_cSNK
_eAACR2
041 1 _aslo
_heng
044 _axo
_cSK
080 _a821.111(73)-31=162.4
_22001
100 1 _aSegal, Erich,
_d1937-2010
_4aut
245 1 0 _aLekári
_cErich Segal ; Dušan Slobodník, Ivica Chorvátová, Jozef Pernecký
250 _a1. vyd.
260 _aBratislava
_bSlovenský spisovateľ
_c1992
_eBratislava
_fDanubiaprint
300 _a527 s.
_c21 cm
490 0 _aSPKK
_vZv. 541.
655 7 _aamerické romány
_2SNKPH
700 1 _aSlobodník, Dušan,
_d1927-2001
_4trl
700 1 _aChorvátová, Ivica
_4trl
700 1 _aPernecký, Jozef
_4bkd
942 _2ddc
_cKLDO
_n0
949 _63869A09714
_abpksh821.111(73)-31
_bbpksh53727
949 _63869A10044
_abpksh821.111(73)-31
_bbpksh55539
949 _6270001000065579
_asvkbbA 79242
_bsvkbbm 567697
949 _6273K0185938
_asvkpoA 155224
_bsvkpo382525
_oPV 2926/92
999 _c22283
_d22283